LEADER 00698nls0 2200253 450 001 000030233 005 20210825141751.0 011 $a1972-5175 100 $a20141120a2003----km-y0itay50------ba 101 0 $amul 102 $aIT 106 $as 110 $aa------0--- 135 $avr----------- 200 1 $aSetting$brisorsa elettronica 210 $aMilano$cFranco Angeli$d2003- 230 $arisorsa online 610 1 $aPsicologia$aStudi di psicoanalisi 801 0$aIT$bUNIPARTHENOPE$gRICA$2UNIMARC 856 4 $uhttp://digital.casalini.it/10.3280/SET2020-044005 912 $a000030233 958 $aDownload full text 2003-2016$cNAVA1 996 $aSetting$91210978 997 $aUNIPARTHENOPE